Statystyki dla Flagi państw „pod lupą" #3

Kliknij tutaj aby rozwiązać quiz!

Ogólne statystyki

  • Ten quiz został rozwiązany 243 razy
  • Średni wynik to 11 z 13

Statystyki odpowiedzi

Odpowiedź% Poprawnych
Macedonia Północna
100%
Argentyna
97%
Malta
96%
Izrael
95%
Kanada
95%
Turcja
95%
Chiny
94%
Chorwacja
94%
Kosowo
92%
Papua-Nowa Gwinea
75%
Haiti
74%
Turkmenistan
74%
Mjanma
61%

Rozkład punktacji

Percentyl według liczby udzielonych odpowiedzi

Procent ludzi z każdym wynikiem

Twoja historia wyników

Nie rozwiązałeś tego quizu